| 000 | 00414nam a2200157Ia 4500 | ||
|---|---|---|---|
| 003 | GCL | ||
| 008 | 140319s9999 xx 000 0 ara d | ||
| 040 |
_aGCL / _cGCL |
||
| 082 | 0 | 4 |
_a891.7 _bت ح |
| 245 | 1 | 0 | _aالحاج مراد |
| 300 | _a217 | ||
| 490 |
_aالالف كتاب _v0 |
||
| 650 | 0 | 4 | _aالقصص الروسية المترجمة |
| 650 | 0 | 4 | _aالادب الروسى المترجم |
| 942 |
_2ddc _cBK |
||
| 999 |
_c43093 _d43093 |
||